000 00448nam a2200169Ia 4500
008 231217s9999 xx 000 0 und d
041 _aEnglish
082 _a001.6424LIN BEC1
100 _aBeck, Michael Bohme,Harald Dziadzka, Mirko etc
245 0 _aLinux kernel programming
250 _a3rd ed.
260 _c2002
_bPearson Education
_aDelhi
300 _axiv+471
300 _cCD2429
500 _aContent page available
942 _cAA
999 _c176673
_d176673